Chucky Doll Quiz - Statistics

General Stats
  • This quiz has been taken 339 times
  • The average score is 8 of 10
Answer Stats
Hint Answer % Correct
First Movie Child's Play
95%
Secon Movie Child's Play 2
91%
Third Movie Child's Play 3
90%
Fourth Movie Bride of Chucky
89%
Fifth Movie Seed of Chucky
87%
Chucky's Bride Tiffany
79%
Sixth Movie Curse of Chucky
75%
^Her Voice Jennifer Tilly
62%
Voice of Chucky Brad Dourif
57%
Name of Toy Line Good Guys
49%
No matching quizzes found
Score Distribution
Percent of People with Each Score
Percentile by Number Answered
Your Score History
You have not taken this quiz